Взаимодействие языка и культуры: проблемы лингвокультурологии и прагмалингвистики (Запись № 3743045)

Подробности
000 -МАРКЕР
контрольное поле 03016nam0a2200457 i 4500
001 - ИДЕНТИФИКАТОР ЗАПИСИ
контрольное поле RU\NLR\bibl\1965751
005 - ИДЕНТИФИКАТОР ВЕРСИИ
контрольное поле 20260408092437.0
010 ## - МЕЖДУНАРОДНЫЙ СТАНДАРТНЫЙ НОМЕР КНИГИ (ISBN)
Номер (ISBN) 9785434301824
Тираж 500
021 ## - НОМЕР ГОСУДАРСТВЕННОЙ РЕГИСТРАЦИИ
Код страны Российская Федерация
Номер 2012-80203
Номер Листа государственной регистраци 5951
035 ## - ДРУГИЕ СИСТЕМНЫЕ НОМЕРА
Идентификатор записи (nilc)RSL-KNO-005514366
035 ## - ДРУГИЕ СИСТЕМНЫЕ НОМЕРА
Идентификатор записи (NLR Aleph) 001954683
100 ## - ДАННЫЕ ОБЩЕЙ ОБРАБОТКИ
Данные общей обработки 20121024d2012 u y0rusy50 ca
101 0# - ЯЗЫК РЕСУРСА
Язык текста, звукозаписи и т.д. русский
102 ## - СТРАНА ПУБЛИКАЦИИ ИЛИ ПРОИЗВОДСТВА
Страна публикации Российская Федерация
105 ## - ПОЛЕ КОДИРОВАННЫХ ДАННЫХ: ТЕКСТОВЫЕ МАТЕРИАЛЫ, МОНОГРАФИЧЕСКИЕ
Кодированные данные о монографическом текстовом документе y |||||||||
200 1# - ЗАГЛАВИЕ И СВЕДЕНИЯ ОБ ОТВЕТСТВЕННОСТИ
Основное заглавие Взаимодействие языка и культуры: проблемы лингвокультурологии и прагмалингвистики
Сведения, относящиеся к заглавию коллективная монография
-- [сборник научных докладов на Круглом столе, 24 апреля 2012 г. в рамках Третьей международной конференции "Культура в зеркале языка и литературы"
Первые сведения об ответственности д.филол.н., проф. Е.В. Милосердова и др.]
210 ## - ПУБЛИКАЦИЯ, РАСПРОСТРАНЕНИЕ И ДР.
Место издания, распространения и т.д. Тамбов
Имя издателя, распространителя и т. д. Бизнес-Наука-Общество
Дата издания, распространения и т.д. 2012
215 ## - ФИЗИЧЕСКАЯ ХАРАКТЕРИСТИКА
Специфическое обозначение материала и объем 205 с.
Размеры 20
300 ## - ОБЩИЕ ПРИМЕЧАНИЯ
Текст примечания В надзаг.: М-во образования и науки Рос. Федерации, ФГБОУ ВПО "Тамб. гос. ун-т им. Г.Р. Державина"
320 ## - ПРИМЕЧАНИЯ О НАЛИЧИИ В ДОКУМЕНТЕ БИБЛИОГРАФИИ / УКАЗАТЕЛЯ
Текст примечания Библиогр.: с. 185-205
606 1# - НАИМЕНОВАНИЕ ТЕМЫ КАК ПРЕДМЕТ
Наименование темы Язык и культура
Формальный подзаголовок Съезды, совещания и т.п
Системный номер авторитетной/нормативной записи 990965
Идентификатор авторитетной/нормативной записи RU\NLR\auth\6656388
606 ## - НАИМЕНОВАНИЕ ТЕМЫ КАК ПРЕДМЕТ
Наименование темы Когнитивная лингвистика
Формальный подзаголовок Съезды, совещания и т.п
Системный номер авторитетной/нормативной записи 1523672
Идентификатор авторитетной/нормативной записи RU\NLR\auth\66662714
606 ## - НАИМЕНОВАНИЕ ТЕМЫ КАК ПРЕДМЕТ
Наименование темы Немецкий язык
Формальный подзаголовок Съезды, совещания и т.п
Тематический подзаголовок Прагматика
Системный номер авторитетной/нормативной записи 2147542
Идентификатор авторитетной/нормативной записи RU\NLR\auth\661598329
606 1# - НАИМЕНОВАНИЕ ТЕМЫ КАК ПРЕДМЕТ
Наименование темы Немецкий язык
Формальный подзаголовок Съезды, совещания и т.п
Тематический подзаголовок Лексикология
Системный номер авторитетной/нормативной записи 1681174
Идентификатор авторитетной/нормативной записи RU\NLR\auth\66746430
686 1# - ИНДЕКСЫ ДРУГИХ КЛАССИФИКАЦИЙ
Индекс Ш100.33я431
686 1# - ИНДЕКСЫ ДРУГИХ КЛАССИФИКАЦИЙ
Индекс Ш100.4я431
686 1# - ИНДЕКСЫ ДРУГИХ КЛАССИФИКАЦИЙ
Индекс Ш143.24-70я431
686 1# - ИНДЕКСЫ ДРУГИХ КЛАССИФИКАЦИЙ
Индекс Ш143.24-3я431
702 #1 - ИМЯ ЛИЦА - ВТОРИЧНАЯ ОТВЕТСТВЕННОСТЬ
Начальный элемент ввода Милосердова
Часть имени, кроме начального элемента ввода Е. В.
Расширение инициалов личного имени Елизавета Васильевна
Код отношения Редактор
711 02 - НАИМЕНОВАНИЕ ОРГАНИЗАЦИИ - АЛЬТЕРНАТИВНАЯ ОТВЕТСТВЕННОСТЬ
Начальный элемент ввода "Культура в зеркале языка и литературы", международная научная конференция
Порядковый номер временной организации и / или порядковый номер ее части 3
Дата проведения временной организации 2012
Место проведения временной организации Тамбов
Идентификатор авторитетной/нормативной записи RU\NLR\AUTH\8810231991
Системный номер авторитетной/нормативной записи 349015
711 12 - НАИМЕНОВАНИЕ ОРГАНИЗАЦИИ - АЛЬТЕРНАТИВНАЯ ОТВЕТСТВЕННОСТЬ
Начальный элемент ввода "Взаимодействие языка и культуры: проблемы лингвокультурологии и прагмалингвистики", круглый стол
Дата проведения временной организации 2012
Место проведения временной организации Тамбов
Идентификатор авторитетной/нормативной записи RU\NLR\AUTH\8810231989
Системный номер авторитетной/нормативной записи 349011
712 02 - НАИМЕНОВАНИЕ ОРГАНИЗАЦИИ - ВТОРИЧНАЯ ОТВЕТСТВЕННОСТЬ
Код отношения Прочие
Начальный элемент ввода Тамбовский государственный университет им. Г. Р. Державина
Идентификатор авторитетной/нормативной записи RU\NLR\AUTH\889917219
Системный номер авторитетной/нормативной записи 330608
801 #0 - ИСТОЧНИК ЗАПИСИ
Страна Российская Федерация
Организация RuMoRKP
Дата составления 20121024
Правила каталогизации rcr
801 #1 - ИСТОЧНИК ЗАПИСИ
Страна Российская Федерация
Организация РГБ
Дата составления 20121024
801 #2 - ИСТОЧНИК ЗАПИСИ
Страна Российская Федерация
Организация NLR
Дата составления 20121112
Правила каталогизации rcr
942 ## - ДОПОЛНИТЕЛЬНЫЕ ЭЛЕМЕНТЫ ЗАПИСИ (АБИС)
Тип экземпляра АБИС Книга
980 ## - КОЛЛЕКЦИЯ
Название коллекции НБР

Нет доступных экземпляров.